Países que Terminan en RIA - Estadísticas

Estadísticas generales
  • Esta prueba ha sido intentada 6.874 veces
  • La puntuación promedio es 3 de 6
Estadísticas de respuestas
País % Correcto
Bulgaria
62%
Hungría
55%
Siria
46%
Nigeria
40%
Austria
38%
Liberia
33%
No se encontraron pruebas coincidentes
Distribución de puntuación
Porcentaje de gente con cada puntuación
Porcentaje por número respondido
Historial de tus puntuaciones
No has intentado esta prueba.